000 00846nam a22002177a 4500
003 OSt
005 20260213085250.0
008 240816b ||||| |||| 00| 0 eng d
040 _c0
082 _aDPer 364.05 J826 Summer-Fall 2020 v. 110 n. 3-4
100 _aAhrens, Deborah M.
_eauthor.
_958092
245 _aRetroactive legality :
_bMarijuana convictions and restorative justice in an era of criminal justice reform /
_cDeborah M. Ahrens.
260 _aEvanston ;
_bNorthwestern University Press ,
_cSummer 2020.
300 _aVolume 110, pages 379-440 ;
_c26 cm.
500 _aThe Journal of Criminal Law & Criminology, vol. 110, no. 3, pages 379-440, Summer 2020.
650 0 _aCriminal law.
_913336
650 0 _aMarijuana.
_927250
650 0 _aJustice.
_911908
700 _aAhrens, Deborah M.
_eauthor.
_958093
942 _2ddc
_cPER
999 _c20568
_d20568